| 000 | 01321nam a22004217a 4500 | ||
|---|---|---|---|
| 005 | 20241202120733.0 | ||
| 008 | 150303b xxu||||| |||| 00| 0 spa d | ||
| 041 | _aEspañol | ||
| 082 | _a346.015 G984f | ||
| 100 | _aGutiérrez Chavarría, María Luz | ||
| 245 | _aFamilia, niñez y adolescencia: aspectos jurídicos fundamentales | ||
| 260 | _aCosta Rica | ||
| 260 | _aEUNED | ||
| 260 | _b2010 | ||
| 300 | _a212 páginas | ||
| 650 | _aDERECHO DE FAMILIA | ||
| 650 | _aMATRIMONIO | ||
| 650 | _aDERECHO PENAL JUVENIL | ||
| 650 | _aDIVORCIO | ||
| 650 | _aDERECHOS DE LOS NIÑOS | ||
| 650 | _aBIENES GANANCIALES | ||
| 650 | _aADULTERIO | ||
| 650 | _aAGRESIÓN DOMESTICA | ||
| 650 | _aPROSTITUCIÓN | ||
| 650 | _aHIJOS E HIJAS | ||
| 650 | _aAPREMIO CORPORAL | ||
| 650 | _aPENSIONES ALIMENTARIAS | ||
| 650 | _aPERSONAS MENORES DE EDAD | ||
| 650 | _aDECLARATORIA DE ABANDONO | ||
| 650 | _aABUSO SEXUAL | ||
| 650 | _aCONVENCIÓN INTERNACIONAL SOBRE LOS DERECHOS DEL NIÑO | ||
| 650 | _aCÓDIGO DE LA NIÑEZ Y LA ADOLESCENCIA | ||
| 650 | _aLEY DE PATERNIDAD RESPONSABLE | ||
| 650 | _aLEY DE PROTECCIÓN A LAS MADRES ADOLESCENTES | ||
| 650 | _aLEY DE PROMOCIÓN DE LA IGUALDAD SOCIAL DE LA MUJER | ||
| 650 | _aABUSO CONTRA LAS PERSONAS MENORES DE EDAD | ||
| 942 |
_cBK _2ddc |
||
| 999 |
_c3596 _d3596 |
||